LEADER 01020nam0-22003251--450- 001 990008864800403321 005 20090610171819.0 020 $aIT$b1919 2528 035 $a000886480 035 $aFED01000886480 035 $a(Aleph)000886480FED01 035 $a000886480 100 $a20090610d1919----km-y0itay50------ba 101 0 $aita 102 $aIT 105 $ay-------001yy 200 1 $a<>scuola di diritto civile nell'ora presente$e(prolusione al corso di diritto civile letta il 17 dicembre 1918)$fVittorio Polacco 210 $aMilano$cSEL$d1919 215 $a21 p.$d25 cm 300 $aEstr. da: Rivista di diritto civile, n. 2, 1919 676 $a346$v11 rid.$zita 700 1$aPolacco,$bVittorio$f<1859-1926>$0227941 801 0$aIT$bUNINA$gRICA$2UNIMARC 901 $aBK 912 $a990008864800403321 952 $aBUSTA 3 (11) 3$bs.i.$fFGBC 952 $aBUSTA 3 (20) 24$b34906$fFGBC 959 $aFGBC 996 $aScuola di diritto civile nell'ora presente$9803902 997 $aUNINA